Prozedural erstellte digitale Landschaftsmodelle auf der Basis von ATKIS-DLM und DGM Daten
| Titel: | Prozedural erstellte digitale Landschaftsmodelle auf der Basis von ATKIS-DLM und DGM Daten / Stefan Rilling. Gutachter: Stefan Müller ; Thorsten Grosch |
|---|---|
| Verfasser: | |
| Beteiligt: | ; |
| Veröffentlicht: | Koblenz : Universität Koblenz-Landau, Campus Koblenz, 2007 |
| Umfang: | Online-Ressource |
| Format: | E-Book |
| Sprache: | Deutsch |
| Hochschulschrift: | Diplomarbeit, Koblenz, Universität Koblenz-Landau, Campus Koblenz, 2006 |
X
alg: 38672548 001A $06000:08-09-16 001B $01999:30-07-25 $t23:28:03.000 001C $06000:08-09-16 $t21:26:52.000 001D $06000:08-09-16 001U $0utf8 001X $00 002@ $0Oax 002C $aText $btxt $2rdacontent 002D $aComputermedien $bc $2rdamedia 002E $aOnline-Ressource $bcr $2rdacarrier 003@ $0386725489 004U $0urn:nbn:de:kola-753 $S0 006G $0110975406X 006U $016,O09 $f20160801 007A $0110975406X $aDNB 009Q $S0 $uhttp://nbn-resolving.de/urn:nbn:de:kola-753 $xR 009Q $S0 $uhttp://d-nb.info/110975406X/34 $xN 009Q $S0 $uhttps://kola.opus.hbz-nrw.de/frontdoor/index/index/docId/75 $xH 010@ $ager 011@ $a2007 $n2007 016A $aDg 021A $aProzedural erstellte digitale Landschaftsmodelle auf der Basis von ATKIS-DLM und DGM Daten $hStefan Rilling. Gutachter: Stefan Müller ; Thorsten Grosch 028A $BVerfasser $4aut $D20220215 $Ecgwrk $7138171033 $8Rilling, Stefan$Z1979- [Tp3] $9212233343 028C $aMüller $BGutachter $dStefan $4oth 028C $aGrosch $BGutachter $dThorsten $4oth 033A $pKoblenz $nUniversität Koblenz-Landau, Campus Koblenz 034D $aOnline-Ressource 037C $dDiplomarbeit $eKoblenz, Universität Koblenz-Landau, Campus Koblenz $f2006 045E $c520 lok: 38672548 3 exp: 38672548 3 1 #EPN 201B/01 $008-09-16 $t23:01:27.256 201U/01 $0utf8 203@/01 $0781891558 204U/01 $0urn:nbn:de:kola-753 $S0 208@/01 $a08-09-16 $bl lok: 38672548 5 exp: 38672548 5 1 #EPN 201B/01 $008-09-16 $t23:43:25.000 201U/01 $0utf8 203@/01 $0781891566 204U/01 $0urn:nbn:de:kola-753 $S0 208@/01 $a08-09-16 $bl lok: 38672548 8 exp: 38672548 8 1 #EPN 201B/01 $008-09-16 $t23:01:27.265 201U/01 $0utf8 203@/01 $0781891574 204U/01 $0urn:nbn:de:kola-753 $S0 208@/01 $a08-09-16 $bl lok: 38672548 10 exp: 38672548 10 1 #EPN 201B/01 $008-09-16 $t23:01:27.270 201U/01 $0utf8 203@/01 $0781891582 204U/01 $0urn:nbn:de:kola-753 $S0 208@/01 $a08-09-16 $bl lok: 38672548 11 exp: 38672548 11 1 #EPN 201B/01 $008-09-16 $t23:01:27.274 201U/01 $0utf8 203@/01 $0781891590 204U/01 $0urn:nbn:de:kola-753 $S0 208@/01 $a08-09-16 $bl lok: 38672548 21 exp: 38672548 21 1 #EPN 201B/01 $008-09-16 $t23:01:27.284 201U/01 $0utf8 203@/01 $0781891612 204U/01 $0urn:nbn:de:kola-753 $S0 208@/01 $a08-09-16 $bl lok: 38672548 23 exp: 38672548 23 1 #EPN 201B/01 $008-09-16 $t23:01:27.295 201U/01 $0utf8 203@/01 $0781891620 204U/01 $0urn:nbn:de:kola-753 $S0 208@/01 $a08-09-16 $bl lok: 38672548 25 exp: 38672548 25 1 #EPN 201B/01 $008-09-16 $t23:01:27.305 201U/01 $0utf8 203@/01 $0781891639 204U/01 $0urn:nbn:de:kola-753 $S0 208@/01 $a08-09-16 $bl lok: 38672548 36 exp: 38672548 36 1 #EPN 201B/01 $001-10-22 $t00:07:49.115 201C/01 $030-09-22 201U/01 $0utf8 203@/01 $01214958745 204U/01 $0urn:nbn:de:kola-753 $S0 208@/01 $a30-09-22 $bl lok: 38672548 49 exp: 38672548 49 1 #EPN 201B/01 $030-04-20 $t16:24:06.620 201C/01 $030-04-20 201U/01 $0utf8 203@/01 $01103606743 204U/01 $0urn:nbn:de:kola-753 $S0 208@/01 $a30-04-20 $bl lok: 38672548 108 exp: 38672548 108 1 #EPN 201B/01 $030-04-20 $t16:24:06.624 201C/01 $030-04-20 201U/01 $0utf8 203@/01 $01103606751 204U/01 $0urn:nbn:de:kola-753 $S0 208@/01 $a30-04-20 $bl lok: 38672548 204 exp: 38672548 204 1 #EPN 201B/01 $008-09-16 $t23:01:27.323 201U/01 $0utf8 203@/01 $0781891663 204U/01 $0urn:nbn:de:kola-753 $S0 208@/01 $a08-09-16 $bl lok: 38672548 205 exp: 38672548 205 1 #EPN 201B/01 $008-09-16 $t23:01:27.331 201U/01 $0utf8 203@/01 $0781891671 204U/01 $0urn:nbn:de:kola-753 $S0 208@/01 $a08-09-16 $bl
| LEADER | 00000cam a22000002c 4500 | ||
|---|---|---|---|
| 001 | 386725489 | ||
| 003 | DE-603 | ||
| 005 | 20250730232803.0 | ||
| 007 | cr|||||||||||| | ||
| 008 | 160908s2007 xx |||| o| u00||u|ger | ||
| 015 | |a 16,O09 |2 dnb | ||
| 016 | 7 | |2 DE-101 |a 110975406X | |
| 024 | 7 | |a urn:nbn:de:kola-753 |2 urn | |
| 035 | |a (DE-599)DNB110975406X | ||
| 040 | |a DE-603 |b ger |c DE-603 |d DE-603 | ||
| 041 | |a ger | ||
| 084 | |a 520 |q DE-101 |2 sdnb | ||
| 100 | 1 | |a Rilling, Stefan |d 1979- |e Verfasser |4 aut |0 (DE-603)212233343 |0 (DE-588)138171033 |2 gnd | |
| 245 | 0 | 0 | |a Prozedural erstellte digitale Landschaftsmodelle auf der Basis von ATKIS-DLM und DGM Daten |c Stefan Rilling. Gutachter: Stefan Müller ; Thorsten Grosch |
| 264 | 1 | |a Koblenz |b Universität Koblenz-Landau, Campus Koblenz |c 2007 | |
| 300 | |a Online-Ressource | ||
| 336 | |a Text |b txt |2 rdacontent | ||
| 337 | |a Computermedien |b c |2 rdamedia | ||
| 338 | |a Online-Ressource |b cr |2 rdacarrier | ||
| 502 | |b Diplomarbeit |c Koblenz, Universität Koblenz-Landau, Campus Koblenz |d 2006 | ||
| 700 | 1 | |a Müller, Stefan |e Gutachter |4 oth | |
| 700 | 1 | |a Grosch, Thorsten |e Gutachter |4 oth | |
| 856 | |u http://nbn-resolving.de/urn:nbn:de:kola-753 |x Resolving-System |z kostenfrei | ||
| 856 | |u http://d-nb.info/110975406X/34 |x Langzeitarchivierung Nationalbibliothek |z kostenfrei | ||
| 856 | |u https://kola.opus.hbz-nrw.de/frontdoor/index/index/docId/75 |x Verlag |z kostenfrei | ||
| 924 | 1 | |9 603 |a (DE-603)781891558 |b DE-603 |c HES |d d | |
| 924 | 1 | |9 603 |a (DE-603)781891566 |b DE-603 |c HES |d d | |
| 924 | 1 | |9 603 |a (DE-603)781891574 |b DE-603 |c HES |d d | |
| 924 | 1 | |9 603 |a (DE-603)781891582 |b DE-603 |c HES |d d | |
| 924 | 1 | |9 603 |a (DE-603)781891590 |b DE-603 |c HES |d d | |
| 924 | 1 | |9 603 |a (DE-603)781891612 |b DE-603 |c HES |d d | |
| 924 | 1 | |9 603 |a (DE-603)781891620 |b DE-603 |c HES |d d | |
| 924 | 1 | |9 603 |a (DE-603)781891639 |b DE-603 |c HES |d d | |
| 924 | 1 | |9 603 |a (DE-603)1214958745 |b DE-603 |c HES |d d | |
| 924 | 1 | |9 603 |a (DE-603)1103606743 |b DE-603 |c HES |d d | |
| 924 | 1 | |9 603 |a (DE-603)1103606751 |b DE-603 |c HES |d d | |
| 924 | 1 | |9 603 |a (DE-603)781891663 |b DE-603 |c HES |d d | |
| 924 | 1 | |9 603 |a (DE-603)781891671 |b DE-603 |c HES |d d | |